José Joaquín Olmedo

Збережено в:
Бібліографічні деталі
Формат: Книга
Мова:Іспанська
Опубліковано: Quito Corporación de Estudios y Publicaciones 1989
Серія:Biblioteca Ecuatoriana Clásica, 14-15
Предмети:
Теги: Додати тег
Немає тегів, Будьте першим, хто поставить тег для цього запису!

MARC

LEADER 00000nam a2200000 a 4500
001 UCM1744
003 CL-VaPUC
008 020412e19890000EC |||||||||||||||||spa|d
082 0 4 |a 986.6  |b JOS  |2 21 
245 1 0 |a José Joaquín Olmedo 
300 |a 2 v 
942 |c BK 
945 |d 20020412 00:00:00  |a cmena 
260 |a Quito  |b Corporación de Estudios y Publicaciones  |c 1989 
500 |a v.1: Poesía-prosa 
500 |a v.2: Epistolario 
600 0 7 |a OLMEDO, JOSE JOAQUIN  |2 CL-VaPUC  |9 321112 
650 7 |a LITERATURA ECUATORIANA COLECCIONES  |2 CL-VaPUC  |9 321089 
650 7 |a POESIAS ECUATORIANAS  |2 CL-VaPUC  |9 321113 
583 |a last modification  |c 20020412 00:00:00  |k Rodrigo Vera 
490 0 |a Biblioteca Ecuatoriana Clásica, 14-15 
999 |c 299985  |d 299983 
952 |0 0  |1 0  |4 0  |6 986_600000000000000_JOS_1989  |7 0  |8 P  |9 357255  |a BIBEDU  |b BIBEDU  |c BIBEDU_PB  |d 2019-11-21  |h v.1  |i 3670651  |o 986.6 JOS 1989  |p 3670651  |r 2024-01-25  |w 2019-11-21  |y BK  |k LIT 
952 |0 0  |1 0  |4 0  |6 986_600000000000000_JOS_1989  |7 0  |8 P  |9 357256  |a BIBEDU  |b BIBEDU  |c BIBEDU_PB  |d 2019-11-21  |h v.2  |i 367066K  |o 986.6 JOS 1989  |p 367066K  |r 2024-01-25  |w 2019-11-21  |y BK  |k LIT